| 000 | 00600cam a2200229ua 4500 | ||
|---|---|---|---|
| 001 | 1168 | ||
| 008 | 141122n ii |||gr||||Z||||||eng | ||
| 020 | _a978-0-19-568081-2 | ||
| 020 | _a0-19-568081-2 | ||
| 040 | _cMAIN | ||
| 041 | _aeng | ||
| 082 | _a338.9 | ||
| 245 |
_aLeading issues in economic development _cby Gerald M. Meier |
||
| 250 | _a8th ed. | ||
| 260 |
_aNew Delhi: _bOxford, _c2006. |
||
| 300 |
_axviii,650p.: _bill.; _c25cm. |
||
| 653 | _aEconomics | ||
| 653 | _aEconomic development | ||
| 700 |
_aMeier, Gerald M., _eAuthor. |
||
| 700 |
_aRauch, James E., _eAuthor. |
||
| 942 | _cBK | ||
| 999 |
_c1078 _d1078 |
||